[Event "Bayern-ch Seniors 18th"]
[Site "Schloss Schney"]
[Date "2006.06.26"]
[Round "2"]
[White "Reichwald, Klaus Dieter"]
[Black "Kahn, Manfred"]
[Result "1/2-1/2"]
[WhiteElo "1749"]
[BlackElo "2016"]
[PlyCount "35"]
[EventDate "2006.06.25"]
[EventType "swiss"]
[EventRounds "9"]
[EventCountry "GER"]
[SourceTitle "EXT 2007"]
[Source "ChessBase"]
[SourceDate "2006.11.23"]
[SourceVersion "1"]
[SourceVersionDate "2006.11.23"]
[SourceQuality "1"]

1. e4 e6 2. d4 d5 3. Nd2 Nf6 4. e5 Nfd7 5. Ngf3 c5 6. c3 Nc6 7. Nb3 Qb6 8. Be2 cxd4 9. cxd4 f6 10. exf6 Nxf6 11. 0-0 Bd6 12. Bd3 0-0 13. Be3 Bd7 14. Ne5 Be8 15. Qe2 Nb4 16. Nc5 Nxd3 17. Nexd3 Bh5 18. f3 1/2-1/2

[Event "Hessen-ch Seniors op 02nd"]
[Site "Bad Sooden-Allendorf"]
[Date "2006.05.07"]
[Round "6"]
[White "Bungter, Hans"]
[Black "Kahn, Manfred"]
[Result "0-1"]
[WhiteElo "1643"]
[BlackElo "2022"]
[PlyCount "46"]
[EventDate "2006.04.25"]
[EventType "swiss"]
[EventRounds "9"]
[EventCountry "GER"]
[SourceTitle "EXT 2007"]
[Source "ChessBase"]
[SourceDate "2006.11.23"]
[SourceVersion "1"]
[SourceVersionDate "2006.11.23"]
[SourceQuality "1"]

1. Nf3 d5 2. d4 Nc6 3. g3 Bg4 4. Bg2 e6 5. 0-0 Bd6 6. c3 Nf6 7. Nbd2 e5 8. dxe5 Nxe5 9. Nxe5 Bxe5 10. Nf3 Bd6 11. Bg5 c6 12. Qd4 Be6 13. Rfd1 Be7 14. Ne1 0-0 15. Nd3 h6 16. Bf4 b6 17. Ne5 Qc8 18. Qa4 b5 19. Qc2 a5 20. Rac1 Ra6 21. a3 Bf5 22. Qb3 Qe6 23. Re1 g5 0-1

[Event "Hessen-ch Seniors op 02nd"]
[Site "Bad Sooden-Allendorf"]
[Date "2006.05.02"]
[Round "8"]
[White "Stimpel, Franz"]
[Black "Kahn, Manfred"]
[Result "1-0"]
[WhiteElo "2162"]
[BlackElo "2022"]
[PlyCount "105"]
[EventDate "2006.04.25"]
[EventType "swiss"]
[EventRounds "9"]
[EventCountry "GER"]
[SourceTitle "EXT 2007"]
[Source "ChessBase"]
[SourceDate "2006.11.23"]
[SourceVersion "1"]
[SourceVersionDate "2006.11.23"]
[SourceQuality "1"]

1. d4 d5 2. c4 Nc6 3. cxd5 Qxd5 4. e3 e5 5. Nc3 Bb4 6. Bd2 Bxc3 7. bxc3 Qd6 8. Bd3 Nf6 9. f3 0-0 10. Ne2 Re8 11. 0-0 Be6 12. Qc1 Na5 13. c4 Qa6 14. Bxa5 Qxa5 15. d5 Bd7 16. e4 Qc5+ 17. Kh1 a5 18. Rb1 b6 19. Qd2 Rad8 20. Nc1 Ba4 21. Qe2 Nh5 22. g3 Rd6 23. Qf2 Qxf2 24. Rxf2 Nf6 25. Bc2 Bxc2 26. Rxc2 Nd7 27. Nd3 c6 28. Rd1 Rc8 29. Rdc1 c5 30. Rb1 Kf8 31. Nb2 Ra8 32. Na4 Ra6 33. Kg2 Ke7 34. Kf2 Kd8 35. Ke3 Nf8 36. Rcb2 Nd7 37. f4 f6 38. Nc3 Nf8 39. Rf2 Ng6 40. Rh1 Kc8 41. h4 h5 42. f5 Nf8 43. Rg1 Rd7 44. g4 hxg4 45. Rxg4 Raa7 46. Rg1 Kb8 47. Rh2 Nh7 48. Rb2 Rab7 49. Rgb1 Ka7 50. Na4 Nf8 51. Nxb6 Rf7 52. Rb5 Ka6 53. Nc8 1-0

[Event "Hessen-ch Seniors op 02nd"]
[Site "Bad Sooden-Allendorf"]
[Date "2006.04.27"]
[Round "3"]
[White "Kahn, Manfred"]
[Black "Meyer, Walter"]
[Result "1-0"]
[WhiteElo "2022"]
[BlackElo "1721"]
[PlyCount "67"]
[EventDate "2006.04.25"]
[EventType "swiss"]
[EventRounds "9"]
[EventCountry "GER"]
[SourceTitle "EXT 2007"]
[Source "ChessBase"]
[SourceDate "2006.11.23"]
[SourceVersion "1"]
[SourceVersionDate "2006.11.23"]
[SourceQuality "1"]

1. d4 Nf6 2. Bg5 c6 3. Nc3 e6 4. e3 Be7 5. Bd3 h6 6. Bh4 d5 7. Nf3 Nbd7 8. 0-0 0-0 9. Ne5 c5 10. Bg3 a6 11. Kh1 b5 12. Nc6 Qe8 13. Nxe7+ Qxe7 14. dxc5 Nxc5 15. Be2 b4 16. Nb1 Nfe4 17. a3 bxa3 18. Rxa3 Nxg3+ 19. hxg3 Rb8 20. Qd4 Ne4 21. Bxa6 Bxa6 22. Rxa6 Qb7 23. Ra2 Ra8 24. Rxa8 Rxa8 25. Nc3 Qa6 26. Kg1 Nf6 27. e4 Qc4 28. Qxc4 dxc4 29. f3 Rd8 30. Rd1 Rxd1+ 31. Nxd1 Nd7 32. Kf2 Kf8 33. Ke3 e5 34. Kd2 1-0

[Event "Bad Bertrich Seniors op"]
[Site "Bad Bertrich"]
[Date "2005.12.06"]
[Round "5"]
[White "Kahn, Manfred"]
[Black "Khanukov, Boris"]
[Result "0-1"]
[WhiteElo "2147"]
[BlackElo "2390"]
[PlyCount "80"]
[EventDate "2005.12.02"]
[EventType "swiss"]
[EventRounds "9"]
[EventCountry "GER"]
[SourceTitle "EXT 2007"]
[Source "ChessBase"]
[SourceDate "2006.11.23"]
[SourceVersion "1"]
[SourceVersionDate "2006.11.23"]
[SourceQuality "1"]

1. d4 Nf6 2. c4 e6 3. Nc3 Bb4 4. f3 d5 5. a3 Bxc3+ 6. bxc3 0-0 7. cxd5 exd5 8. e3 Bf5 9. Bd3 Qd7 10. Ne2 c5 11. 0-0 Nc6 12. dxc5 Rfe8 13. Nd4 Bxd3 14. Qxd3 Ne5 15. Qb5 a6 16. Qb1 Rac8 17. Nb3 Nc4 18. Qd3 Qa4 19. Rb1 Qd7 20. Rd1 a5 21. Qd4 a4 22. Na1 Re7 23. Nc2 Na5 24. Rb6 Nb3 25. Qh4 Rxc5 26. Nd4 Nxd4 27. exd4 Rc6 28. Rb4 Rxc3 29. Bg5 Rxa3 30. Bxf6 gxf6 31. Qxf6 Re6 32. Qf4 Rb3 33. Rb1 Rxb1+ 34. Rxb1 Qe7 35. Qb8+ Kg7 36. Qxb7 Re1+ 37. Kf2 Qe3+ 38. Kg3 Qg5+ 39. Kh3 Qf5+ 40. Kg3 Rxb1 0-1

[Event "GER-chT Seniors 14th"]
[Site "Sottrum"]
[Date "2005.09.22"]
[Round "5"]
[White "Obst, Martin"]
[Black "Kahn, Manfred"]
[Result "1/2-1/2"]
[WhiteElo "1813"]
[BlackElo "2166"]
[PlyCount "40"]
[EventDate "2005.09.18"]
[EventType "team-swiss"]
[EventRounds "7"]
[EventCountry "GER"]
[SourceTitle "CBM 108 Extra"]
[Source "ChessBase"]
[SourceDate "2005.11.04"]
[SourceVersion "1"]
[SourceVersionDate "2005.11.04"]
[SourceQuality "1"]

1. e4 c5 2. c3 e6 3. d4 d5 4. e5 Qb6 5. Nf3 Bd7 6. Be2 Bb5 7. 0-0 Bxe2 8. Qxe2 Qa6 9. Re1 Qxe2 10. Rxe2 Nd7 11. Be3 Rc8 12. dxc5 Bxc5 13. Nbd2 Ne7 14. Nb3 Bxe3 15. Rxe3 Nf5 16. Re2 0-0 17. Rd1 Nc5 18. Nxc5 Rxc5 19. Nd4 Nxd4 20. Rxd4 h6 1/2-1/2

[Event "EU-chT Seniors 07th"]
[Site "Dresden"]
[Date "2005.02.21"]
[Round "4"]
[White "Kahn, Manfred"]
[Black "Taksrud, Vidar"]
[Result "1-0"]
[WhiteElo "2162"]
[BlackElo "2025"]
[PlyCount "81"]
[EventDate "2005.02.18"]
[EventType "team-swiss"]
[EventRounds "8"]
[EventCountry "GER"]
[SourceTitle "EXT 2006"]
[Source "ChessBase"]
[SourceDate "2005.11.24"]
[SourceVersion "1"]
[SourceVersionDate "2005.11.24"]
[SourceQuality "1"]

1. c4 e5 2. Nc3 Nf6 3. Nf3 Nc6 4. a3 d6 5. d4 e4 6. Ng5 Bf5 7. g3 h6 8. Nh3 Qd7 9. Nf4 0-0-0 10. Bg2 Re8 11. Nfd5 Nxd5 12. Nxd5 Bh3 13. Bxh3 Qxh3 14. Nf4 Qf5 15. d5 Nb8 16. Qa4 Qd7 17. Qxa7 g5 18. Ng2 Bg7 19. Bd2 f5 20. h4 Bf6 21. Rc1 Rhg8 22. Bc3 Bxc3+ 23. Rxc3 Qf7 24. Rb3 c5 25. dxc6 Nxc6 26. Qa8+ Nb8 27. Ne3 Re5 28. Nd5 Rxd5 29. cxd5 Qxd5 30. Rc3+ Kd7 31. Qa4+ Nc6 32. hxg5 e3 33. Rxh6 Qd2+ 34. Kf1 exf2 35. Kxf2 Qxg5 36. Rh7+ Ke6 37. Re3+ Kf6 38. Rxb7 Ne5 39. Qd4 Ke6 40. Rxe5+ dxe5 41. Qd7+ 1-0

[Event "EU-ch Seniors 05th"]
[Site "Bad Homburg"]
[Date "2005.??.??"]
[Round "9"]
[White "Kahn, Manfred"]
[Black "Joksic, Sinisa"]
[Result "0-1"]
[WhiteElo "2160"]
[BlackElo "2292"]
[PlyCount "82"]
[EventDate "2005.06.25"]
[EventType "swiss"]
[EventRounds "9"]
[EventCountry "GER"]
[SourceTitle "EXT 2006"]
[Source "ChessBase"]
[SourceDate "2005.11.24"]
[SourceVersion "1"]
[SourceVersionDate "2005.11.24"]
[SourceQuality "1"]

1. c4 e5 2. Nc3 Nc6 3. Nf3 f5 4. d4 e4 5. Bg5 Be7 6. Bxe7 Qxe7 7. Nd5 Qd6 8. Nd2 Nf6 9. Nxf6+ Qxf6 10. e3 0-0 11. Be2 d6 12. 0-0 Kh8 13. f3 Qh6 14. f4 g5 15. d5 Ne7 16. fxg5 Qxg5 17. Nxe4 Qxe3+ 18. Nf2 Ng6 19. Qd3 Qe5 20. Qc2 Rg8 21. Nd3 Qg7 22. Bf3 Bd7 23. Rae1 Qd4+ 24. Kh1 Rae8 25. Bh5 Rxe1 26. Rxe1 Ne5 27. Nxe5 dxe5 28. Bf7 Rg5 29. Rd1 Qb6 30. d6 cxd6 31. c5 Qa5 32. cxd6 Bc6 33. d7 Bxd7 34. Qc1 Qa4 35. Bb3 Qg4 36. Qd2 Rg7 37. Bd5 e4 38. h3 Qg3 39. Bxb7 Be6 40. Qd8+ Bg8 41. Qd2 Rxb7 0-1

[Event "Wch Seniors 14th"]
[Site "Halle"]
[Date "2004.10.24"]
[Round "1"]
[White "Kahn, Manfred"]
[Black "Saidy, Anthony Fred"]
[Result "0-1"]
[WhiteElo "2153"]
[BlackElo "2332"]
[PlyCount "130"]
[EventDate "2004.10.24"]
[EventType "swiss"]
[EventRounds "11"]
[EventCountry "GER"]
[SourceTitle "EXT 2005"]
[Source "ChessBase"]
[SourceDate "2004.11.15"]
[SourceVersion "1"]
[SourceVersionDate "2004.11.15"]
[SourceQuality "1"]

1. c4 Nf6 2. Nc3 g6 3. d4 Bg7 4. Bg5 c5 5. e3 Qa5 6. Qd2 d6 7. Bxf6 Bxf6 8. Nd5 Qxd2+ 9. Kxd2 Na6 10. Nxf6+ exf6 11. Nf3 Ke7 12. Be2 Be6 13. Rhc1 f5 14. a3 h6 15. Rab1 Kf6 16. b4 b6 17. bxc5 dxc5 18. d5 Bd7 19. Kc3 Nc7 20. Rd1 Ne8 21. Nd2 Nd6 22. Bd3 Rhe8 23. Re1 Re7 24. g3 Rae8 25. h4 Rb8 26. Rb2 Be8 27. Reb1 Reb7 28. e4 fxe4 29. Nxe4+ Nxe4+ 30. Bxe4 Re7 31. Bf3 Bd7 32. Rd2 Rbe8 33. Rdd1 Re5 34. Ra1 Ba4 35. Rf1 Ke7 36. Bd1 Bd7 37. a4 Kd6 38. Rb1 Re1 39. Bc2 Rxb1 40. Rxb1 Re2 41. Rf1 a6 42. Kd3 Re8 43. Rb1 Rb8 44. Kc3 b5 45. axb5 axb5 46. cxb5 Rxb5 47. Rxb5 Bxb5 48. Be4 Ke5 49. Bg2 g5 50. hxg5 hxg5 51. Bh1 Be2 52. Kd2 Bc4 53. Bf3 Bxd5 54. Be2 Kd4 55. Bd3 Be4 56. Bb5 f5 57. Ba6 c4 58. Bb5 c3+ 59. Kc1 Bd3 60. Bc6 Ke5 61. Bb7 f4 62. Bc6 Bf5 63. Bb7 fxg3 64. fxg3 Kd4 65. Bf3 g4 0-1

[Event "Bayern-ch Seniors 16th"]
[Site "Schloss Schney"]
[Date "2004.06.14"]
[Round "9"]
[White "Bierbach, Utz Friedrich"]
[Black "Kahn, Manfred"]
[Result "0-1"]
[WhiteElo "1778"]
[BlackElo "2027"]
[PlyCount "20"]
[EventDate "2004.06.06"]
[EventType "swiss"]
[EventRounds "9"]
[EventCountry "GER"]
[SourceTitle "EXT 2006"]
[Source "ChessBase"]
[SourceDate "2005.11.24"]
[SourceVersion "1"]
[SourceVersionDate "2005.11.24"]
[SourceQuality "1"]

1. d4 d5 2. c4 Nc6 3. cxd5 Qxd5 4. Nf3 e5 5. Nc3 Bb4 6. Bd2 Bxc3 7. Bxc3 e4 8. Ng1 e3 9. fxe3 Nf6 10. Nf3 0-0 0-1

[Event "Bayern-ch Seniors 16th"]
[Site "Schloss Schney"]
[Date "2004.06.07"]
[Round "2"]
[White "Kahn, Manfred"]
[Black "Petzenhauser, Isfried"]
[Result "1/2-1/2"]
[WhiteElo "2027"]
[BlackElo "1791"]
[PlyCount "52"]
[EventDate "2004.06.06"]
[EventType "swiss"]
[EventRounds "9"]
[EventCountry "GER"]
[SourceTitle "EXT 2006"]
[Source "ChessBase"]
[SourceDate "2005.11.24"]
[SourceVersion "1"]
[SourceVersionDate "2005.11.24"]
[SourceQuality "1"]

1. d4 d5 2. Nf3 e6 3. c4 f5 4. g3 Nf6 5. Bg2 c6 6. 0-0 Bd6 7. Bf4 Bxf4 8. gxf4 0-0 9. Nbd2 Ne4 10. e3 Nd7 11. Qc2 Ndf6 12. Ne5 Nxd2 13. Qxd2 Ne4 14. Qe2 Qh4 15. f3 Qh5 16. Rae1 Nd6 17. c5 Nf7 18. Rf2 Kh8 19. Bf1 Nxe5 20. fxe5 g5 21. Rg2 Rg8 22. Qd1 Bd7 23. Be2 f4 24. e4 Raf8 25. Rf1 Rg7 26. Kh1 Rfg8 1/2-1/2

[Event "Bad Sooden-Allendorf Seniors op 16th"]
[Site "Bad Sooden-Allendorf"]
[Date "2004.04.25"]
[Round "4"]
[White "Kahn, Manfred"]
[Black "Wunderer, Eckart"]
[Result "1/2-1/2"]
[WhiteElo "2157"]
[BlackElo "2176"]
[PlyCount "47"]
[EventDate "2004.04.22"]
[EventType "swiss"]
[EventRounds "9"]
[EventCountry "GER"]
[SourceTitle "EXT 2006"]
[Source "ChessBase"]
[SourceDate "2005.11.24"]
[SourceVersion "1"]
[SourceVersionDate "2005.11.24"]
[SourceQuality "1"]

1. c4 e5 2. Nc3 Nc6 3. Nf3 Nf6 4. a3 d5 5. cxd5 Nxd5 6. Qc2 Be7 7. e3 Bg4 8. Qe4 Nf6 9. Qa4 0-0 10. Be2 Re8 11. 0-0 Bd6 12. d3 Qd7 13. Bd2 a6 14. Rac1 Rad8 15. Qc2 Qe7 16. Rfd1 Bf5 17. Ne4 Nxe4 18. dxe4 Bd7 19. Be1 Qf6 20. Rd5 Ne7 21. Rdd1 Ng6 22. Qb3 Bc8 23. Bb4 Be6 24. Qc3 1/2-1/2